Score 0/14 Timer 02:00
0 Plays Today
% Correct
Blood
93%
Nervous
91.6%
Vena
76.8%
Carotid
67.8%
Sweat
58.3%
Endoplasmic
57.1%
Esophageal
56.7%
% Correct
Collateral
44.3%
Carpi
40%
Lateral
38.9%
Semilunar
35.3%
Root
33.6%
Auditory
31.2%
Nasal
27.2%
Remove Ads.
Support Sporcle.
Get the best of Sporcle when you Go Orange. This ad-free experience offers more features, more stats, and more fun while also helping to support Sporcle. Thank you for becoming a member.

You're not logged in!

Compare scores with friends on all Sporcle quizzes.
OR
Log In

Show Comments

Extras

Top Quizzes Today


Score Distribution

Your Account Isn't Verified!

In order to create a playlist on Sporcle, you need to verify the email address you used during registration. Go to your Sporcle Settings to finish the process.

Report this User

Report this user for behavior that violates our Community Guidelines.

Details: